| 000 | 00943nam a2200253Ia 4500 | ||
|---|---|---|---|
| 003 | OSt | ||
| 005 | 20221005110450.0 | ||
| 006 | a|||||r|||| 00| 0 | ||
| 007 | ta | ||
| 008 | 221004b |||||||| |||| 00| 0 hin d | ||
| 020 |
_a8179650650 (hbk) _c300 |
||
| 024 | _a102620 | ||
| 037 |
_b360, 03/03/2010, Swaraj Prakashan _cTextual |
||
| 040 |
_aCRL _cCRL _bhin |
||
| 041 |
_2hin _ahin |
||
| 082 | _aD65,8(B)0aP152, 152P4 | ||
| 100 | _aहरिमोहन | ||
| 245 | 0 | _aसूचना - क्रान्ति और विश्व - भाषा हिन्दी | |
| 246 | _aSūchanā - krānti aur vishva - bhāṣhā hindī | ||
| 260 |
_aनई दिल्ली _bतक्षशिला प्रकाशन भारत _c2004 |
||
| 300 |
_a176पृ0 _ccm. |
||
| 942 |
_hD65,8(B)0aP152, 152P4 _cTEXL _2cc |
||
| 999 |
_c1018908 _d1018908 |
||